|
|
|
|
| LEADER |
00000nam0a2200000 4500 |
| 001 |
50418 |
| 005 |
20231031033039.0 |
| 035 |
|
|
|a (RuTPU)RU\TPU\book\52798
|
| 090 |
|
|
|a 50418
|
| 100 |
|
|
|a 20030416d1983 km y0rusy50 ca
|
| 101 |
0 |
|
|a rus
|
| 102 |
|
|
|a RU
|
| 105 |
|
|
|a a z 001zy
|
| 200 |
1 |
|
|a Конструкционные материалы и жидкометаллические теплоносители
|f Н. М. Бескоровайный, А. Г. Иолтуховский
|
| 210 |
|
|
|a Москва
|c Энергоатомиздат
|d 1983
|
| 215 |
|
|
|a 163 с.
|c ил.
|
| 320 |
|
|
|a Библиогр.: с. 157-161.
|
| 610 |
1 |
|
|a ядерная энергетика
|
| 610 |
1 |
|
|a ядерные реакторы
|
| 610 |
1 |
|
|a материалы
|
| 610 |
1 |
|
|a металлы жидкие
|
| 610 |
1 |
|
|a жидкометаллические теплоносители
|
| 610 |
1 |
|
|a применение
|
| 675 |
|
|
|a 621.039.53
|v 3
|
| 700 |
|
1 |
|a Бескоровайный
|b Н. М.
|g Николай Макарович
|
| 701 |
|
1 |
|a Иолтуховский
|b А. Г.
|g Александр Григорьевич
|
| 801 |
|
1 |
|a RU
|b 63413507
|c 20030416
|g PSBO
|
| 801 |
|
2 |
|a RU
|b 63413507
|c 20150502
|g PSBO
|
| 942 |
|
|
|c BK
|